U.S. Transportation Command's (USTRANSCOM) airlift, sealift, and surface lift programs : joint hearing before the Seapower and Expeditionary Forces Subcommittee meeting jointly with Air and Land Forces Subcommittee of the Committee on Armed Services, House of Representatives, One Hundred Eleventh Congress, first session, hearing held, February 25, 2009.

Bibliographic Details
Corporate Authors: United States. Congress. House. Committee on Armed Services. Seapower and Expeditionary Forces Subcommittee, United States. Congress. House. Committee on Armed Services. Subcommittee on Air and Land Forces
Format: Government Document eBook
Language:English
Published: Washington : U.S. G.P.O., 2010.
Subjects:
Online Access:Electronic resource (PDF)

MARC

Tag First Indicator Second Indicator Subfields
LEADER 00000cam a22000001a 4500
001 in00004100555
005 20200117091316.0
006 m d f
007 cr bn mmmapmmp
008 100715s2010 dcu o f000 0 eng d
035 |a chdc201000118 
040 |a UMI  |c UMI  |d UtOrBLW 
042 |a pcc 
043 |a n-us--- 
074 |a 1012-C-01 
086 0 |a Y 4.AR 5/2A:2009-2010/9 
088 |a H.A.S.C. no. 111-9 
110 1 |a United States.  |b Congress.  |b House.  |b Committee on Armed Services.  |b Seapower and Expeditionary Forces Subcommittee.  |0 http://id.loc.gov/authorities/names/no2008031015 
245 1 0 |a U.S. Transportation Command's (USTRANSCOM) airlift, sealift, and surface lift programs :  |b joint hearing before the Seapower and Expeditionary Forces Subcommittee meeting jointly with Air and Land Forces Subcommittee of the Committee on Armed Services, House of Representatives, One Hundred Eleventh Congress, first session, hearing held, February 25, 2009. 
264 1 |a Washington :  |b U.S. G.P.O.,  |c 2010. 
264 2 |a Washington :  |b For sale by the Supt. of Docs., U.S. G.P.O. 
300 |a iii, 53 pages, digital, PDF file. 
336 |a text  |b txt  |2 rdacontent 
337 |a computer  |b c  |2 rdamedia 
338 |a online resource  |b cr  |2 rdacarrier 
500 |a Shipping list number: 2010-0099-P. 
500 |a "H.A.S.C. number 111-9." 
500 |a Record is based on bibliographic data in ProQuest Congressional Hearings Digital Collection. Reuse except for individual research requires license from ProQuest, LLC. 
500 |a Electronic resource. 
533 |a Electronic reproduction.  |b [Bethesda, Md.] :  |c ProQuest,  |d 2010.  |e digital, PDF file.  |n ProQuest U.S. Congressional Hearings Digital Collection.  |n Mode of access: World Wide Web via ProQuest website. 
538 |a System requirements: PDF reader software. 
610 1 0 |a United States.  |b Transportation Command.  |0 http://id.loc.gov/authorities/names/no90011873 
650 0 |a Transportation, Military  |z United States. 
650 0 |a Airlift, Military  |z United States.  |0 http://id.loc.gov/authorities/subjects/sh91002490 
650 0 |a Military sealift  |z United States. 
650 0 |a Combat sustainability (Military science)  |0 http://id.loc.gov/authorities/subjects/sh85028798 
650 0 |a Logistics.  |0 http://id.loc.gov/authorities/subjects/sh85078128 
710 1 |a United States.  |b Congress.  |b House.  |b Committee on Armed Services.  |b Subcommittee on Air and Land Forces.  |0 http://id.loc.gov/authorities/names/no2007083566 
776 0 8 |i Print version:   |a United States. Congress. House. Committee on Armed Services. Seapower and Expeditionary Forces Subcommittee.  |t U.S. Transportation Command's (USTRANSCOM) airlift, sealift, and surface lift programs  |w 9780160849480  |w 0160849489  |w (OCoLC)ocn503553793  |z 2010443859 
776 0 8 |i Microfiche version:   |a United States. Congress. House. Committee on Armed Services. Seapower and Expeditionary Forces Subcommittee.  |t U.S. Transportation Command's (USTRANSCOM) airlift, sealift, and surface lift programs  |d [Bethesda, Md.] : ProQuest,[2010]  |o CIS 2010 H201-46  |w (ProQuest)cis01000165  
856 4 0 |u http://proxy.library.tamu.edu/login?url=http://search.proquest.com/congcomp/getdoc?HEARING-ID=HRG-2009-ASH-0005  |y Electronic resource (PDF)  |t 0 
998 |a cis01000165  
999 f f |s 2f481afa-3906-3e4f-99fd-3433543ec549  |i 3b3e9e25-fdcd-322a-be83-62c2704626f6  |t 0 
952 f f |a Texas A&M University  |b College Station  |c Electronic Resources  |d Available Online  |t 0  |e Y 4.AR 5/2A:2009-2010/9  |h Superintendent of Documents classification 
998 f f |a Y 4.AR 5/2A:2009-2010/9  |t 0  |l Available Online